Nevšedná sobota Christophera Bagshota

Bibliographic Details
Main Author: -po- (Author)
Format: Article
Language:Slovak
PhysicalDescription:Fotogr. 1
Subjects:

MARC

LEADER 00000nab a2200000 a 4500
001 vtls000476829
003 SK-MaSNL
005 20260304011510.0
008 120927c1992 xo 0 slo
015 |a SNBRB19rr/mm-uuuuu 
035 |a CL0476963 
040 |a SNKBUCL  |b slo  |c SNKBUCL  |e AACR2 
041 0 |a slo 
044 |a xo  |c SK 
080 |a 82:7.096  |2 1981 
080 |a 7.096  |2 1981 
080 |a 885.4  |2 1981 
080 |a 820 (73)  |2 1981 
100 1 |a -po-  |4 aut  |9 923700 
245 1 0 |a Nevšedná sobota Christophera Bagshota  |c -po- 
300 |b Fotogr. 1 
600 1 7 |a Shaw, Irwin,  |d 1913-1984  |2 snkbucl  |9 108240 
600 1 7 |a Zelenková, Mária  |t Nevšedná sobota Christophera Bagshota  |2 snkbucl  |9 1290300 
610 2 7 |a Slovenský rozhlas  |2 snkbucl  |9 145763 
650 0 7 |a rozhlasové inscenácie  |2 snkbucl  |9 92602 
655 7 |a články z novín a časopisov  |2 snkbucl  |9 267496 
655 7 |a články z odboru literárna veda a krásna literatúra  |2 snkbucl  |9 770045 
773 0 |t Rozhlas a televízia  |g Roč. 53, č. 53 (1992), s. 23 
850 |a Slovenská národná knižnica v Martine  |a MTA001 
852 |a SNK  |b KIS3GCP 
958 |a RK 
958 |a LX 
992 |a RBX 
999 |c 2566692  |d 2568622